000 01050cab a2200205 4500
001 ##L131564
008 051116n2005 000 0 eng u
035 _a(Sirsi) u131564
041 0 _aeng
100 1 _aThompson, Max
245 0 0 _aCrib sheet
_bthe JCT
260 _c2005
490 0 _aQS Week
_v(29) 9 November 2005, 10-11(2)
520 _aAn overview of the suite of JCT contracts. Argues that the new version introduced in 2005 is partly a response to rivals such as the NEC and ECC, which are seen by the industry as being more modern and written in plainer language. The new JCT has three fresh sections, dealing with articles of agreement, conditions of contract, and schedules. It is, however, described by one critic as constituting a makeover rather than a radical change.
590 _aIKA221105
650 2 4 _aJCT STANDARD BUILDING CONTRACT (2005 EDITION)
651 4 _aUnited Kingdom
_y
690 _aBUILT ENVIRONMENT-BUILDING CONTRACT FORMS-STANDARD FORMS OF BUILDING CONTRACT-JOINT CONTRACTS TRIBUNAL CONTRACTS
942 _n0
999 _c76168
_d76168